Statistiques concernant Manga Seinen #2

Cliquez ici pour prendre le quiz!

Statistiques générales

  • Ce quiz a été pris 86 fois
  • Le résultat moyen est 7 sur 16

Statistiques - réponses

Réponse% Correct
Bonne nuit Punpun
73%
Black Lagoon
71%
Ajin
68%
20th Century Boys
57%
Gunnm
57%
Ghost in the shell
52%
Tomie
51%
Real
49%
Gangsta.
40%
Space Brothers
38%
Le Sommet des dieux
34%
Blame!
30%
Blue Giant
21%
Dragon Head
18%
Sanctuary
12%
Deathco
5%

Distribution des résultats

Percentile par nombre de réponses

% des personnes avec chaque résultat

Votre développement - résultats

Vous n’avez pas pris ce quiz